| 000 | 00325nam a22001097a 4500 | ||
|---|---|---|---|
| 003 | OSt | ||
| 008 | 250120b |||||||| |||| 00| 0 eng d | ||
| 041 | _aeng | ||
| 100 |
_aWorld Energy Conference _96968 |
||
| 245 | _aDo Working Group No.3 WG-3d Optimization of Energy Use with Alumina Refineries Using Co-generation | ||
| 942 | _cBK | ||
| 999 |
_c19064 _d19064 |
||